Statistics for Best soccer players of the country L-P

Click here to take the quiz!

General Stats

  • This quiz has been taken 101 times
  • The average score is 6 of 16

Answer Stats

Country Best Player % Correct
PortugalCristiano Ronaldo
96%
NetherlandsArjen Robben
92%
PolandRobert Lewandowski
88%
MexicoJavier Hernandez
84%
NigeriaOdion Ighalo / Ahmed Musa / John Obi Mikel
53%
MoroccoMedhi Benatia
41%
New ZealandWinston Reid
36%
Northern IrelandJonny Evans
27%
MontenegroStefan Savic
23%
PeruAndré Carrillo
12%
MaliCheick Diabaté
7%
MoldovaArthur Ionita / Alexandru Gatcan
6%
MozambiqueMexer
6%
New CaledoniaWesley Lautoa
6%
ParaguayAntonia Sanabria / Hernan Perez / Raul Bobadilla
6%
NorwayHavard Nordtveit
5%

Score Distribution

Percentile by Number Answered

Percent of People with Each Score

Your Score History

You have not taken this quiz